000 00362 a2200145 4500
001 162466
020 _a
040 _cMagnum
100 _aHermoso, A. Gonzalez
240 1 0 _aEspanol lengua extranjera - curso practico - nivel 1
_lESP
245 1 0 _aEspanol lengua extranjera - curso practico - nivel 1
362 0 _a1899
697 _aESPANHOL
942 _cBK
999 _c162466
_d162466